| 000 | 01535nam a2200121Ia 4500 | ||
|---|---|---|---|
| 008 | 220615s9999||||xx |||||||||||||| ||und|| | ||
| 245 | 0 | _aAdvances in Low-carbon and Stainless Steels | |
| 546 | _aEnglish[eng] | ||
| 650 | _apitting||sigma phase||2205||duplex stainless steel||austenitic stainless steel||cold deformation||microstructures||mechanical properties||austenite||steel||thermomechanical processing||phase transformation||nucleation||ferrite||CCT||TTT||incubation||transformation start||FAC||LBE||turbulent flow||dissolution||modelling||low-carbon AHSS||Q&||P||toughness||precipitation||martensite packet||mechanical characterization||martensitic transformations||dynamic transformation||Nb-microalloyed steel||roughing passes||hot forming||multiphase steel||quenching and partitioning||austempering||Gleeble simulation||press hardening||martensite||quenching||partitioning||dilatometry||EBSD-IQ||fast heating rate||formation of austenite||initial microstructure||PAGS||transformation behavior||tensile properties||metastability||LCF||HCF||VHCF||ambient and elevated temperatures||carbon steel||rotationally accelerated shot peening||nanocrystalline||corrosion resistance||transformation kinetics||local equilibrium||para equilibrium||Cr-rich precipitate||interphase boundary||type 430 stainless steel||HSLA steel||alloy design||grain refinement of austenite||Zener pinning force||recrystallization||Niobium Nb | ||
| 700 | _aHaghdadi, Nima||Somani, Mahesh | ||
| 856 | _uhttps://mdpi.com/books/pdfview/book/2883 | ||
| 942 | _cEB | ||
| 999 |
_c13724 _d13724 |
||